| 000 | 00446nam a2200157 a 4500 | ||
|---|---|---|---|
| 001 | 1660 | ||
| 003 | CDMR | ||
| 005 | 20130321172449.0 | ||
| 008 | 130130s1998||||||||||||||||||||||||||||d | ||
| 020 | _a8460583309 | ||
| 040 |
_aCDMR _bcat _cCDMR |
||
| 100 | 1 |
_aDíaz Nosty, Bernardo _91251 |
|
| 245 | 1 | 0 |
_aInforme anual de la comunicación 1997-1998 _b: estado y tendencias de los medios en España |
| 260 |
_c1998 _bGrupo Zeta _a[s.l.] |
||
| 942 |
_cMON _2udc |
||
| 999 |
_c1660 _d1660 |
||